000 00515nam a22001577a 4500
003 NUST
038 _aNusrat Nadeem
082 _a200
100 _aAli, Rabia
_9134462
245 _aRecurrent Neural Networks for Radio Channel Modeling in mmWave Vehicular Networks/
_cRabia Ali,
264 _aIslamabad:
_SSEECS NUST,
_c2026.
650 _aMS-Electrical Engineering
_923567
700 _aSupervisor: Dr. Sajjad Hussain
_996913
856 _uhttp://10.250.8.41:8080/xmlui/handle/123456789/57880
942 _2ddc
_cSC
999 _c617454
_d617454